000 00699cam a2200253 4500
008 1998
020 _a1860812597
035 _a(Sirsi) u92070
041 _aeng
050 _a693.1
100 _aYates, T.J.S.
245 _aStone cladding panels : in-situ weathering.
260 _aLondon
_bConstruction Research Communications Ltd
_c1998
300 _a4p. ; 30cm.
350 _a0
490 _aBRE Information Paper
_vIP 18/98
650 _aSTONE CLADDING
650 _aWEATHERING
690 _aBUILT ENVIRONMENT-BUILDING PATHOLOGY
700 _aChakrabarti, B.
710 _aBuilding Research Establishment
942 _n0
948 _c15/03/1999
999 _c97716
_d97716